00981nam a22001937a 4500003000400000008004100004020001800045082001700063245013900080250001300219260006300232300001100295650009400306700001800400942001200418999001700430952017000447952017000617OSt260624b |||||||| |||| 00| 0 eng d a9788170195924 a632.96bS61B aBiological Control of Crop Diseases: Recent Advances and Perspectives; Vol. I. Horticultural Crops/ edited by Dinesh Singh...[et al.] a1st. ed. aDelhi : bToday & Tomorrow Printers and Publishers,c2018. a408 p. aAgriculture and related technologies | Technology (Applied sciences) | Biological control aSingh, Dinesh 2ddccBK c52252d52252 00102ddc4070aRAUbRAUcGENd2026-06-24eToday & Tomorrow Printers and Publishers g9995.00l0o632.96 S61Bp87538r2026-06-24w2026-01-29yBKkBill No. IN-00449  00102ddc4070aRAUbRAUcGENd2026-06-24eToday & Tomorrow Printers and Publishers g9995.00l0o632.96 S61Bp87539r2026-06-24w2026-01-29yBKkBill No. IN-00449